| 000 | 01016nam a22002417a 4500 | ||
|---|---|---|---|
| 999 |
_c55 _d55 |
||
| 003 | AR-CdUCM | ||
| 008 | 190221b ||||| |||| 00| 0 spa d | ||
| 040 |
_aMUNICIPALIDAD PROVINCIAL DEL CUSCO _cBIBLIOTECA MUNICIPAL DEL CUSCO |
||
| 082 |
_a985.008 / _bG22 |
||
| 100 |
_aGarcía Salvatecci, Hugo _9267 |
||
| 245 |
_aEl pensamiento de Gonzáles Prada / _cGarcía Salvatecci, Hugo ; Oviedo, José Miguel |
||
| 260 |
_aLima : _bArica, _c1973. |
||
| 300 |
_a301 páginas ; _c21 cm. |
||
| 505 | _aLa tergiversación del pensamiento de Gonzales Prada -- Contradicciones y ausencia de sistema en Prada -- Gonzales Prada : Semejanzas y diferencias -- Etapas en la evolución de Gonzales Prada -- Ubicación Histórica de Prada. | ||
| 650 |
_aGonzales Prada. _9268 |
||
| 650 |
_aEnsayos Peruanos. _9269 |
||
| 650 |
_aSiglo XX. _98 |
||
| 650 |
_aPensamiento político. _9270 |
||
| 700 |
_aOviedo, José Miguel _9271 |
||
| 700 |
_aBusto Duthurburu, José Antonio del _9272 |
||
| 942 |
_2ddc _cLIBROS |
||
| 945 |
_admma _d2019-02-21 |
||